Asia: Least Populated Countries Map Quiz - Statistics

General Stats
  • This quiz has been taken 41 times
  • The average score is 11 of 12
Answers on the Map
Answers color-coded by a green-red scale on the quiz's map according to % correct below.
 
Answer Stats
Population Answer % Correct
1,423,119 East Timor
97%
530,515 Maldives
97%
1,651,752 Bahrain
95%
798,030 Bhutan
92%
467,030 Brunei
92%
3,131,959 Qatar
89%
2,946,337 Armenia
87%
5,047,109 Kuwait
84%
1,374,089 Cyprus
82%
5,544,425 Oman
82%
3,806,485 Georgia
79%
3,527,297 Mongolia
79%
No matching quizzes found
Score Distribution
Percent of People with Each Score
Percentile by Number Answered
Your Score History
You have not taken this quiz